00620 2200181 4500245005800000020002200058250001000080100001100090700002000101650001700121005001900138260003800157041001400195084001100209300003000220500017900250336000900429 aBertahanlah, Jangan Pindah ke Lain HaticNusukkhText a978-602-1036-54-9 aCet.1 aNusukk aIntan Fardillah aNovel Remaja a20240129113429 aJakartabTransMedia Pustakac2017 aIndonesia a808.83 aviiii, 184 hlm. :c19 cm. aKamu bilang tidak akan pernah ada kata pisah. Tapi, sekarang aku lelah mendengar ucapan itu. Aku lelah berharap dalam kata-kata manis yang pada akhirnya tidak semanis janjimu atext